000 00866nas a2200277 4500
001 BR2011001472
003 BR-BrBNA
005 20231205114904.0
007 ta
008 230509b bl.|||p| |||| 00| 00por d
040 _aBR-BrBNA
_bpor
_cBiblioteca Nacional de Agricultura
041 _a(Pt)
072 _aQ04
100 1 _aAsquieri, E.R.
100 1 _aRabêlo, A.M. da S.
100 1 _aSilva, A.G. de M. e
245 1 _aFermentado de jaca: estudo das características físico-químicas e sensoriais
650 _aJACA
650 _aFRUTA TROPICAL
650 _aANÁLISE ORGANOLÉPTICA
650 _aCOMPOSIÇÃO QUÍMICA
650 _aARMAZENAMENTO
773 0 _tCiência e Tecnologia de Alimentos (Brazil)
_xISSN 0101-2061
_g(Oct-Dec 2008), v. 28(4) p. 881-887
_wBR2011001472
909 _a202311
_bLúcia
_c55
_dLúcia Elande
942 _2AGRIS
_n0
_cANA
999 _c211036
_d211036